Vista normal
Vista MARC
Entrada Topical Term
Número de registros utilizados en: 2
001 - CONTROL NUMBER
- control field: 9546
003 - CONTROL NUMBER IDENTIFIER
- control field: OSt
005 - DATE AND TIME OF LATEST TRANSACTION
- control field: 20200901103503.0
008 - FIXED-LENGTH DATA ELEMENTS
- fixed length control field: 200901|| aca||aabn | a|a d
040 ## - CATALOGING SOURCE
- Original cataloging agency: OSt
- Transcribing agency: OSt
150 ## - HEADING--TOPICAL TERM
- Topical term or geographic name entry element: Técnicas de estudio
670 ## - SOURCE DATA FOUND
- Source citation: Work cat.: (OSt)6085: Escuela Superior de Administración pública 3262, Técnicas de Estudio /, 1989.